Aims of Education / (Record no. 1197)

000 -LEADER
fixed length control field 00696nam a22001937a 4500
003 - CONTROL NUMBER IDENTIFIER
control field OSt
005 - DATE AND TIME OF LATEST TRANSACTION
control field 20140116120848.0
008 - FIXED-LENGTH DATA ELEMENTS--GENERAL INFORMATION
fixed length control field 130801b xxu||||| |||| 00| 0 eng d
050 ## - LIBRARY OF CONGRESS CALL NUMBER
Classification number LB41.M37 1999
100 ## - MAIN ENTRY--PERSONAL NAME
Personal name Marples, Richard
245 ## - TITLE STATEMENT
Title Aims of Education /
Statement of responsibility, etc Richard Marples.
260 ## - PUBLICATION, DISTRIBUTION, ETC. (IMPRINT)
Place of publication, distribution, etc London :
Name of publisher, distributor, etc Routledge ,
Date of publication, distribution, etc 1999.
300 ## - PHYSICAL DESCRIPTION
Extent x, 224 p.
Other physical details e-resource, no physical copies.
504 ## - BIBLIOGRAPHY, ETC. NOTE
Bibliography, etc Includes bibliographical reference and index.
650 ## - SUBJECT ADDED ENTRY--TOPICAL TERM
Topical term or geographic name as entry element Education -- Aims and objectives.
650 ## - SUBJECT ADDED ENTRY--TOPICAL TERM
Topical term or geographic name as entry element Education -- Philosophy.
856 ## - ELECTRONIC LOCATION AND ACCESS
Uniform Resource Identifier <a href="http://site.ebrary.com/lib/riara/docDetail.action?docID=10054733&p00=educational+philosophy">http://site.ebrary.com/lib/riara/docDetail.action?docID=10054733&p00=educational+philosophy</a>
Link text Click here to view e-book
942 ## - ADDED ENTRY ELEMENTS (KOHA)
Source of classification or shelving scheme
Koha item type Electronic Book

No items available.


Riara University Library,
P.O. Box 49940-00100,
Nairobi, Kenya.